1709 1870 1518 1936 1555 1288 1778 1995 1506 1013 1452 1125 1049 1495 1080 1880 1989 1550 1827 1211 1378 1385 1827 1403 1007 1120 1237 1485 1412 1448 1871 1282 1077 1366 1318 1285 1078 1852 1049 1238 1672 1516 1604 1195 1982 1508 1973 1711 1622 1954 1655 1636 1909 1639 1743 1014 1236 1324 1532 1857 1163 1365 1154 1184 1153 1718 1376 1542 1842 1243 1057 2000 1789 1133 1842 1835 1354 1139 1276 1286 1462 1237 1358 1122 1960 1784 1623 1310 1106 1733 1433 1954 1768 1297 1417 1473 1588 1717 1489 BCNSPRNW ULIB Ver.6.0+V

เปลี่ยนเป็นภาษาไทย

Change to English
 แสดงรายละเอียดบรรณานุกรม
  กลับหน้าหลัก

Brief Record : Get Marc (ISO 2709) : E-mail record : QR code < ปิดหน้าต่าง
LEADER : 00000nam 2200000uu 4500
001    13399113810
003     ULIB
008    120109s2550||||th 000 0 tha d
020    ^a9746453386 (ล.2)
060 04 ^aWA308^bส719อ ล.2 2550
245 00 ^aเอกสารการสอนชุดวิชาอนามัยครอบครัวในงานสาธารณสุข หน่วยที่6-10=^bFamilyhealth in public health work /^cสาขาวิชาวิทยาศาสตร์สุขภาพ มหาวิทยาลัยสุโขทัยธรรมาธิราช
246 30 ^aอนามัยครอบครัวในงานสาธารณสุข
246 31 ^aFamily health in public health work
250    ^aพิมพ์ครั้งที่ 2
260    ^aนนทบุรี :^bสำนักพิมพ์มหาวิทยาลัยสุโขทัยธรรมาธิราช,^c2550
300    ^a3 เล่ม :^bภาพประกอบ ;^c30 ซม.
500    ^aสิ่งพิมพ์ของมหาวิทยาลัยสุโขทัยธรรมาธิราชสาขาวิชาวิทยาศาสตร์สุขภาพ
650  7 ^aอนามัยครอบครัว
650  7 ^aสาธารณสุข
710 2  ^aมหาวิทยาลัยสุโขทัยธรรมาธิราช. ^bสาขาวิชาวิทยาศาสตร์สุขภาพ
945    ^p0^l0^i14591
945    ^p0^l0^i14592
945    ^p0^l0^i14593
995    ^aกัณชพร
999    ^aใช้งานได้ทุกระบบ
รายการนี้ยังไม่มีแท็ก
คุณยังไม่ได้ล็อกอิน คุณสามารถมีกิจกรรมร่วมกับเว็บไซต์ได้ แต่ต้องล็อกอินก่อน ::
  ล็อกอิน

รายการสื่อสารสนเทศ

ลำดับที่ ประเภท เลขเรียก/บาร์โค้ด สถานที่ สถานะ
- ไม่พบข้อมูล -

รายการใกล้เคียง
    หัวเรื่อง [อนามัยครอบครัว]
    หัวเรื่อง [สาธารณสุข]

BibComment


ยังไม่เคยถูกคอมเมนท์

คอมเมนท์ทรัพยากรรายการนี้
  คอมเมนท์: เอกสารการสอนชุดว..


 Copyright 2026. Bcnsprnw @Library